|
|
|
|
| LEADER |
00000nam0a2200000 4500 |
| 001 |
260993 |
| 005 |
20231101233527.0 |
| 035 |
|
|
|a (RuTPU)RU\TPU\book\283965
|
| 090 |
|
|
|a 260993
|
| 100 |
|
|
|a 20140520d1987 k y0rusy50 ca
|
| 101 |
0 |
|
|a rus
|
| 102 |
|
|
|a RU
|
| 105 |
|
|
|a a z 001zy
|
| 200 |
1 |
|
|a Физические аспекты прогнозирования разрушения и деформирования гетерогенных материалов
|e сборник научных трудов
|f Академия наук СССР (АН СССР), Физико-технический институт им. А. Ф. Иоффе (ФТИ)
|
| 210 |
|
|
|a Ленинград
|c [Б. и.]
|d 1987
|
| 215 |
|
|
|a 191 с.
|c ил.
|
| 320 |
|
|
|a Библиография в конце статей
|
| 606 |
1 |
|
|a Твердые тела, деформируемые
|2 stltpush
|3 (RuTPU)RU\TPU\subj\58720
|9 76476
|
| 610 |
1 |
|
|a гетерогенные материалы
|
| 610 |
1 |
|
|a разрушение
|
| 610 |
1 |
|
|a деформирование
|
| 610 |
1 |
|
|a прогнозирование
|
| 610 |
1 |
|
|a физические аспекты
|
| 610 |
1 |
|
|a повреждаемость
|
| 610 |
1 |
|
|a волокнистые композиты
|
| 610 |
1 |
|
|a прочность
|
| 675 |
|
|
|a 539.37
|v 3
|
| 712 |
0 |
2 |
|a Академия наук СССР (АН СССР)
|b Физико-технический институт им. А. Ф. Иоффе (ФТИ)
|c (Ленинград)
|2 stltpush
|3 (RuTPU)RU\TPU\col\12056
|
| 801 |
|
1 |
|a RU
|b 63413507
|c 20140520
|
| 801 |
|
2 |
|a RU
|b 63413507
|c 20161201
|g RCR
|
| 942 |
|
|
|c BK
|